000 00793nam a22002657a 4500
001 6985
003 FISKH
005 20250613152404.0
008 250613b cb ||||| |||| 00| 0 eng d
020 _a9788956353173
040 _aFISKH
_beng
_cFISKH
_dFISKH
050 _aPZ8.P2738 B
082 _a398.24
100 _aFable, Aesop
245 _aBelling the cat /
_cAesop Fable
260 _aSeoul :
_bE-Future,
_c2009.
300 _a18 pages :
_bcolor illustrations ;
_c21 cm
505 _aG
520 _aSelected fables from Aesop include The Night Singer, Honesty Is the Best Policy, and The Milkmaid and Her Pail.
521 _a300
_bLexile estimate
521 _aG
_bRaz-Plus
650 _aAnimal Stories
_xChildren's book
942 _2ddc
_cBK
_n0
999 _c6985
_d6985